Политическая культура. Теория и национальные модели: учебное пособие

Dades bibliogràfiques
Altres autors: Гаджиев К. С. Камалудин Серажудинович (редактор)
Sumari:Исключено из фонда НТБ ТПУ
Idioma:rus
Publicat: Москва, Интерпракс, 1994
Col·lecció:Программа: Обновление гуманитарного образования в России
Format: MixedMaterials Llibre
KOHA link:https://koha.lib.tpu.ru/cgi-bin/koha/opac-detail.pl?biblionumber=18090

MARC

LEADER 00000nam0a2200000 4500
001 18090
005 20231030191149.0
010 |a 5852351555 
035 |a (RuTPU)RU\TPU\book\18239 
035 |a BOOK00018308 
090 |a 18090 
100 |a 20011209d1994 m y0rusy50 ca 
101 0 |a rus 
102 |a RU 
105 |a y j 000zy 
200 1 |a Политическая культура. Теория и национальные модели  |e учебное пособие  |f под ред. К. С. Гаджиева 
210 |a Москва  |c Интерпракс  |d 1994 
215 |a 350 с. 
225 1 |a Программа: Обновление гуманитарного образования в России 
333 |a Исключено из фонда НТБ ТПУ 
702 1 |a Гаджиев  |b К. С.  |g Камалудин Серажудинович  |4 340 
801 0 |a RU  |b 63413507  |c 20011209  |g PSBO 
801 2 |a RU  |b 63413507  |c 20220418  |g PSBO 
942 |c BK